| 000 | 00330nmm a2200109Ia 4500 | ||
|---|---|---|---|
| 008 | 220120s9999||||xx |||||||||||||||||und|| | ||
| 020 | _a1-7722-053-5 | ||
| 082 | _a003 HIL | ||
| 100 | _aHillier, Frederick, S. and Lieberman, Gerald, J | ||
| 245 | 0 | _aIntroduction to operations research concepts and cases | |
| 260 |
_bNew Delhi _c2009 |
||
| 999 |
_c139338 _d139338 |
||